Normal view
MARC view
Entry Personal Name
001 - CONTROL NUMBER
- control field: 15962
003 - CONTROL NUMBER IDENTIFIER
- control field: dpl
005 - DATE AND TIME OF LATEST TRANSACTION
- control field: 20100821143302.0
008 - FIXED-LENGTH DATA ELEMENTS
- fixed length control field: 100821|||a|||||| | ||| d
040 ## - CATALOGING SOURCE
- Original cataloging agency: dpl
- Transcribing agency: dpl
100 ## - HEADING--PERSONAL NAME
- Personal name: Kasbekar, Sridhar
670 ## - SOURCE DATA FOUND
- Source citation: Work cat.: (dpl): Kasbekar, Sridhar, My mother (mazi maay) :, 2010
670 ## - SOURCE DATA FOUND
- Source citation: Work cat.: (dpl): Kasbekar, Sridhar, My mother (mazi maay) :, 2010
